000 01129nam a22003857a 4500
001 BR9511481
003 BR-BrBNA
005 20230928094854.0
007 ta
008 230509b bl.||||| |||| 00| 0 por d
040 _aBR-BrBNA
_bpor
_cBiblioteca Nacional de Agricultura
041 _a(Por)
072 _aE70
_b9310
_b0150
_b0120
090 _ 9310 BR9511481
100 1 _aNoskoski, C.
100 1 _aBrandt, S.A.
100 1 _aSchuvindo, M.H.
100 1 _aAad Neto, A.
100 1 _aCoimbra, E.J.B.
100 1 _aBarros, A.A.A. de
110 1 _aAssociacao de Credito e Assistencia Rural do Territorio Federal de Roraima, Boa Vista (Brasil)
_9509
245 1 _aComercializacao e procura externa de farinha de mandioca, arroz e milho, com enfase nos mercados de Boa Vista, Manaus e Caracas
260 3 _aBoa Vista, RR (Brasil):
_c1975.
300 _a46 p.
500 _a25 ref.; 12 tables
650 _aFarinha
650 _aMandioca
650 _aArroz
650 _aMilho
650 _aMercado
650 _aRoraima
650 _aAmazonas
909 _a202309
_bLucia
_c55
_dLucia Elande
942 _cBK
999 _c53144
_d53144